Pays par drapeau en 2 minutes - Statistiques

Statistiques générales
  • Ce quiz a été pris 144 fois
  • Le résultat moyen est 14 sur 15
Statistiques - réponses
Par images Réponse % Correct
Brésil
99%
Canada
99%
Chine
99%
Israël
99%
Royaume-Uni
99%
Suisse
99%
Corée du Sud
98%
Grèce
97%
Turquie
96%
Ukraine
92%
Pologne
91%
Cambodge
89%
Colombie
87%
Venezuela
87%
Thaïlande
84%
Aucun quiz correspondant
Distribution des résultats
% des personnes avec chaque résultat
Percentile par nombre de réponses
Votre historique - résultats
Vous n’avez pas pris ce quiz